Βασικές έννοιες αστικού δικαίου

Αποθηκεύτηκε σε:
Λεπτομέρειες βιβλιογραφικής εγγραφής
Κύριος συγγραφέας: Αγαλλοπούλου-Ζερβογιάννη, Πηνελόπη Χ.
Μορφή: Βιβλίο
Γλώσσα:Greek
Δημοσίευση: Αθήνα : Σάκκουλας, 2012
Έκδοση:3η έκδ.
Θέματα:
Ετικέτες: Προσθήκη ετικέτας
Δεν υπάρχουν, Καταχωρήστε ετικέτα πρώτοι!

MARC

LEADER 00000cam a2200000 i 4500
001 1/27100
008 130306s2012 gre d
020 |a 978-960-445-877-6 
035 |l 10113953 
040 |a GR-MY-UA  |b gre  |e aacr 
041 0 |a gre 
082 0 |a 342.0854  |2 (22) 
100 1 |a Αγαλλοπούλου-Ζερβογιάννη, Πηνελόπη Χ. 
245 1 0 |a Βασικές έννοιες αστικού δικαίου /  |c Πηνελόπη Χρ. Αγαλλοπούλου 
250 |a 3η έκδ. 
260 |a Αθήνα :   |b Σάκκουλας,   |c 2012 
300 |a 640 σ. 
500 |a Συνοδεύεται από συμπλήρωμα στην 3η έκδοση 
504 |a Περιλαμβάνει ευρετήριο 
650 0 0 |a Civil law. 
852 |a INST  |b CHIOS  |e 20140915  |h 342.0854 ΑΓΑ  |p 005200034492  |q 005200034492  |t BK  |y 0 
852 |a INST  |b CHIOS  |c EUDOXUS  |e 20130306  |h 342.0854 ΑΓΑ  |p 005200034236  |q 005200034236  |t EDX  |y 0 
852 |a INST  |b CHIOS  |c EUDOXUS  |e 20150129  |h 342.0854 ΑΓΑ  |p 005200034467  |q 005200034467  |t EDX  |y 0 
852 |a INST  |b CHIOS  |c EUDOXUS  |e 20131205  |h 342.0854 ΑΓΑ  |p 005200037029  |q 005200037029  |t EDX  |y 0 
901 |a BIBL2-2013-1 
901 |a BIBL2-2013-3 
901 |a BIBL2-2014-3 
901 |a BIBL2-2015-1 
909 |a Χ  |b 175352 
909 |a Χ  |b 180007 
909 |a Χ  |b 180907 
920 |a ΕΥΔΟΞΟΣ  |b ΠΑΡΑΓΓΕΛΙΑ  |y ΧΙΟΣ-ΤΔΕ  |z 2013-02 
920 |a ΕΥΔΟΞΟΣ  |b ΕΠΙΣΤΡΟΦΗ  |y ΧΙΟΣ  |z 2013-12 
920 |a ΕΥΔΟΞΟΣ  |b ΕΠΙΣΤΡΟΦΗ  |y ΧΙΟΣ  |z 2014-09 
920 |a ΕΥΔΟΞΟΣ  |b ΕΠΙΣΤΡΟΦΗ  |y ΧΙΟΣ  |z 2015-01 
970 |a ΠΟΥΛΑΚΗ  |b ΣΤΕΛΛΑ  |z 2013/03/06